|
|
|
|
| LEADER |
01276nam a2200361 a 4500 |
| 001 |
nkc20092008392 |
| 003 |
CZ PrNK |
| 005 |
20100310142922.0 |
| 007 |
ta |
| 008 |
091028s2009 xr g 000 f cze |
| 015 |
|
|
|a cnb002008392
|
| 020 |
|
|
|a 978-80-7381-642-1
|q (váz.)
|
| 035 |
|
|
|a (OCoLC)607523739
|
| 040 |
|
|
|a BOA001
|b cze
|d ABA001
|
| 041 |
1 |
|
|a cze
|h eng
|
| 072 |
|
7 |
|a 821.111-3
|x Anglická próza, anglicky psaná
|2 Konspekt
|9 25
|
| 080 |
|
|
|a 821.111(71)-31
|2 MRF
|
| 080 |
|
|
|a (0:82-31)
|2 MRF
|
| 100 |
1 |
|
|a Christopher, Paul,
|d 1949-
|7 xx0043254
|4 aut
|
| 245 |
1 |
0 |
|a Rembrandtův portrét /
|c Paul Christopher ; přeložila Tamara Vosecká
|
| 250 |
|
|
|a 1. vyd. v českém jazyce
|
| 260 |
|
|
|a Praha :
|b BB/art,
|c 2009
|
| 300 |
|
|
|a 219 s. ;
|c 22 cm
|
| 500 |
|
|
|a Přeloženo z angličtiny
|
| 655 |
|
7 |
|a kanadské romány (anglicky)
|7 fd139325
|2 czenas
|
| 655 |
|
9 |
|a Canadian fiction (English)
|2 eczenas
|
| 765 |
0 |
|
|t Rembrandt's ghost
|9 Česky
|
| 856 |
4 |
1 |
|u http://www.digitalniknihovna.cz/mzk/uuid/uuid:5036b090-1659-11e5-ac88-005056827e51
|y Digitalizovaný dokument
|x NDK
|
| 910 |
2 |
|
|a BOA001
|b 2-1233.697
|
| 990 |
|
|
|a BK
|
| 995 |
|
|
|a 01
|
| 991 |
|
|
|b 201001
|
| 996 |
6 |
|
|b 2610405095
|c 2-1233.697
|l MZK
|r Sklad / do 1 hodiny
|n 3
|p p.v.
|w 001103700
|u 000010
|a 1
|e BOA001
|j MZK50
|s P
|